000 00953cab a2200253 4500
001 X95580
008 090401t1998 xxu||||| |||| 00| 0 eng d
035 _a(Sirsi) u90228
041 _aeng
100 _aWightman, J.
245 _aNuisance - the environmental tort?Hunter v Canary Wharf in the House of Lords
260 _c1998
350 _a0
490 _aModern Law Review
_v61(6) November 1998, 870-885(16)
520 _aDiscussion of the HL decision in "Hunter v Canary Wharf" (ABS57716) which confined an action in private nuisance to those with an interest in land, which obstructs recognition of environmental harms by excluding those without proprietary interest. Discusses related cases.
650 _aHUNTER V CANARY WHARF
650 _aINTERFERENCE
650 _aPRIVATE NUISANCE
650 _aPRIVATE RIGHTS
650 _aPROTECTION
690 _aENVIRONMENTAL AND LAND CONSULTANCY
942 _n0
948 _c10/12/1998
999 _c57172
_d57172